000 00639nam a2200277Ia 4500
005 20260324134150.0
008 008 260324s9999 xx 000 0 eng d
020 _a9781003211273
037 _aEBOOK
040 _aCRL
040 _beng
040 _cCRL
041 _2eng
041 _aeng
084 _qCRL
100 _aRay Harris
_91190446
245 0 _aEarth Observation Data Policy and Europe
260 _bTaylor and Francis
260 _c2002
365 _a
365 _b320
856 _uhttp://www.taylorfrancis.com/books/9781003211273
942 _cEBOOK
999 _c1795582
_d1795582